| 000 | 00631nam a22001217a 4500 | ||
|---|---|---|---|
| 040 | _cRUA | ||
| 100 | _aLONH CHANCHAV. ឡុញ ចាន់ចាវ | ||
| 245 | _aGASTRO-INTESTINAL OF PARASITES IN DOMESTIC CHICKEN AT MARKET IN DANGKOR DISTRICT, PHNOM PENH CITY. បរាសិតក្នុងប្រដាសរំលាយអាហារមាន់នៅផ្សារ ខណ្ឌដង្កៅ រាជធានីភ្នំពេញ | ||
| 260 |
_aPhnom Penh _bRUA _c2020 |
||
| 300 |
_aIX.40P _bVII. _c29CM |
||
| 856 | _uhttps://drive.google.com/file/d/1nHvk8jzpSrbnybXbPD-_KlpZCOTK-CAq/view?usp=sharing | ||
| 942 | _cVEM | ||
| 999 |
_c21671 _d21671 |
||